Southville International School and Colleges
Your cart is empty.
  • Cart
  • Lists
    Public lists Eva Luna New books Lux_list list_1
    Your lists Log in to create your own lists
  • Log in to your account
  • Your cookies
  • Search history
Southville International School and Colleges
  • Advanced search
  • Recent comments
  • Most popular
  • Libraries

Log in to your account

Log in with GOOGLE


If you do not have an external account, but do have a local account, you can still log in:

  1. Home
  2. MARC view: The super scam /
Normal view MARC view ISBD view

The super scam / (Record no. 343723)

[ view plain ]
MARC details
000 -LEADER
fixed length control field 00679nam a2200253Ia 4500
003 - CONTROL NUMBER IDENTIFIER
control field 20180301135958.0
005 - DATE AND TIME OF LATEST TRANSACTION
control field 20180301140029.0
008 - FIXED-LENGTH DATA ELEMENTS--GENERAL INFORMATION
fixed length control field 170918s9999 xx 000 0 und d
020 ## - INTERNATIONAL STANDARD BOOK NUMBER
International Standard Book Number 9780545560160
050 ## - LIBRARY OF CONGRESS CALL NUMBER
Item number S857 2007
100 ## - MAIN ENTRY--PERSONAL NAME
Personal name Stilton, Geronimo
245 #4 - TITLE STATEMENT
Title The super scam /
245 ## - TITLE STATEMENT
Statement of responsibility, etc by Geronimo Stilton.
260 ## - PUBLICATION, DISTRIBUTION, ETC. (IMPRINT)
Place of publication, distribution, etc New York :
260 ## - PUBLICATION, DISTRIBUTION, ETC. (IMPRINT)
Name of publisher, distributor, etc Scholastic,
260 ## - PUBLICATION, DISTRIBUTION, ETC. (IMPRINT)
Date of publication, distribution, etc 2007
300 ## - PHYSICAL DESCRIPTION
Extent 77 pages :
300 ## - PHYSICAL DESCRIPTION
Other physical details color illustrations ;
300 ## - PHYSICAL DESCRIPTION
Dimensions 14cm.
300 ## - PHYSICAL DESCRIPTION
Accompanying material Geronimo Stilton Mini Mystery ;
440 ## - SERIES STATEMENT/ADDED ENTRY--TITLE
Title 1
500 ## - GENERAL NOTE
General note 600
942 ## - ADDED ENTRY ELEMENTS (KOHA)
Source of classification or shelving scheme Dewey Decimal Classification
Koha item type Books
Classification part GS FIC S857 2007 bk 1
Item part GS FIC S857 2007 bk 1
Holdings
Withdrawn status Lost status Damaged status Home library Current library Date acquired Total Checkouts Full call number Barcode Date last seen Price effective from Koha item type
      Stonyhurst Southville International School (Malarayat) Stonyhurst Southville International School (Malarayat) 09/18/2017   SF FIC S857 2007 bk 1 SSISM2795 09/18/2017 09/18/2017 Books

The super scam /

APA

Stilton G., .The super scam. New York: .

Chicago

Stilton Geronimo, .The super scam. New York: .

Harvard

Stilton G., .The super scam. New York: .

MLA

Stilton Geronimo, .New York: . .

  • Place hold
  • Print
  • Cite
  • Add to your cart (remove)
  • Save record
    BIBTEX Dublin Core MARCXML MARC (non-Unicode/MARC-8) MARC (Unicode/UTF-8) MARC (Unicode/UTF-8, Standard) MODS (XML) RIS
  • More searches
    Search for this title in:
    Other Libraries (WorldCat) Other Databases (Google Scholar) Online Stores (Bookfinder.com) Open Library (openlibrary.org)

Exporting to Dublin Core...

SOUTHVILLE LIBRARY

Southville International School and Colleges Library

1281 Tropical Ave. Cor. Luxembourg St., BF Homes International, Las Pinas City

Tel. No. 8256374 / 252358 Loc. 117/146

Powered by Koha